| 000 | 00560cam a2200205ua 4500 | ||
|---|---|---|---|
| 001 | 11939 | ||
| 005 | 20260515114822.0 | ||
| 008 | 191204n ii |||gr||||Z||||||eng | ||
| 020 | _a9789380626345 | ||
| 040 | _cMAIN | ||
| 082 | _a361.32019 | ||
| 100 |
_a Prakash Soni, _eAuthor., |
||
| 245 |
_aApplied psychology for social work _cBy Prakash Soni |
||
| 250 |
_a1st ed / _b```````. |
||
| 260 |
_aDelhi: _bPrateeksha Publications, _c2011. |
||
| 300 | _a239p. | ||
| 653 | _aSocial problems & social welfare in general | ||
| 653 | _aSocial work | ||
| 942 | _cBK | ||
| 999 |
_c10714 _d10714 |
||